00888nam a2200253 45000010008000000030004000080050017000120080041000290100013000700200017000830400024001000500021001240820017001451000026001622450154001882500019003422600035003613000020003965000076004165000055004925040029005476500018005767400040005946200112OSt20190116174706.0800318s1980 ilu b 00010 eng  a80012818 a0802468152 : aDLCcDLCdm.c.dCIN0 aBT891b.F44 1980 a236.3bF299M10aFeinberg, Charles Lee10aMillennialism, the two major views :bthe premillennial and amillennial systems of Biblical interpretation analyzed & compared /cCharles L. Feinberg a3d and enl. ed0 aChicago :bMoody Press,cc1980 a372 p. ;c24 cm aFirst-2d ed. published under title: Premillennialism or amillennialism? aEdition statement also appears as: Revised Edition aBibliography: p. 367-372 0aMillennialism01aPremillennialism or amillennialism?